LIBRARY & INFORMATION CENTRE, KCAET, TAVANUR

ONLINE PUBLIC ACCESS CATALOGUE (OPAC)

Progress in agricultural physics and engineering (Record no. 6)

MARC details
000 -LEADER
fixed length control field 00741cam a2200265ua 4500
003 - CONTROL NUMBER IDENTIFIER
control field OSt
008 - FIXED-LENGTH DATA ELEMENTS--GENERAL INFORMATION
fixed length control field 240222b |||||||| |||| 00| 0 eng d
020 ## - INTERNATIONAL STANDARD BOOK NUMBER
ISBN 0-85198-705-2
041 ## - LANGUAGE CODE
Language code of text/sound track or separate title eng
082 ## - DEWEY DECIMAL CLASSIFICATION NUMBER
Classification number 631
Item number MAT/PR
100 ## - MAIN ENTRY--AUTHOR NAME
Personal name Matthews, John .
245 00 - TITLE STATEMENT
Title Progress in agricultural physics and engineering
250 ## - EDITION STATEMENT
Edition statement 1 /
260 ## - PUBLICATION, DISTRIBUTION, ETC. (IMPRINT)
Place of publication Norwood, USA :
Name of publisher CAB International ,
Year of publication 1991.
300 ## - PHYSICAL DESCRIPTION
Number of Pages 337 ; .
650 ## - SUBJECT ADDED ENTRY--TOPICAL TERM
Topical Term Climate modelling
650 ## - SUBJECT ADDED ENTRY--TOPICAL TERM
Topical Term Crop Preservation
650 ## - SUBJECT ADDED ENTRY--TOPICAL TERM
Topical Term Green house
650 ## - SUBJECT ADDED ENTRY--TOPICAL TERM
Topical Term Heat And Mass Transfer
650 ## - SUBJECT ADDED ENTRY--TOPICAL TERM
Topical Term Image Analysis
650 ## - SUBJECT ADDED ENTRY--TOPICAL TERM
Topical Term Post Harvest Technology
650 ## - SUBJECT ADDED ENTRY--TOPICAL TERM
Topical Term Robotics
650 ## - SUBJECT ADDED ENTRY--TOPICAL TERM
Topical Term Tractor Ride Dynamics
942 ## - ADDED ENTRY ELEMENTS (KOHA)
Koha item type Books
Holdings
Withdrawn status Lost status Damaged status Home library Current library Date acquired Full call number Accession Number Koha item type
      KAUAET KAUAET 07/04/2012 631 MAT/PR 20668 Books
      KAUAET KAUAET 07/04/2012 631 18425 Books
free website counter